000 nam a22 a 4500
999 _c3958
_d3958
003 AKMAL
005 20170524130006.0
008 170524s1998 my 00 may d
020 _a9830462188 (kkt.):
_cRM5.00
040 _aAKMAL
_cAKMAL
082 0 4 _a823 MAL
090 _a823
_bMAL
100 1 _aAl-Husni, Abu Hikmah
_92013
245 1 0 _a3003 malam :
_bkisah Ali Baba dan 40 penyamun /
_cAbu Hikmah Al-Husni
260 _aKuala Lumpur :
_bDarul Nu'man,
_c1998
300 0 0 _aiv, 73ms. ;
_c21cm
650 0 _aFolk-lore, Arabic
_97775
650 0 _aTales, Arabic
_97776
650 0 _aFolk literature, Arabic
_97777
942 _2ddc
_cBOOK